| 000 | 00441nam a2200193Ia 4500 | ||
|---|---|---|---|
| 005 | 20240823040207.0 | ||
| 008 | 240823s9999||||xx |||||||||||||| ||und|| | ||
| 020 | _a978-93-5012-021-7 | ||
| 041 | _aENGLISH | ||
| 082 | _A658.311124 Q1 | ||
| 100 | _aGupta R | ||
| 245 | 0 | _aSuccess in Interview | |
| 250 | _a2nd | ||
| 260 |
_c2011 _bRamesh Publishing |
||
| 500 | _aYES | ||
| 650 |
_aGeneral _bGeneral |
||
| 942 | _cBK | ||
| 999 |
_c202507 _d202507 |
||